Städte und Gemeinden im Landkreis Schaumburg mit Karte - Statistiken

Allgemein
  • Dieses Quiz wurde 169 mal gespielt
  • Das Durchschnittsergebnis liegt bei 20 aus 38
Antworten auf der Karte
Die Antworten werden auf der Karte rot bzw. grün angezeigt, abhängig davon wie oft sie richtig erraten wurden.
 
Antwortstatistiken
Stadt oder Gemeinde % Korrekt
Stadthagen
96%
Rinteln
91%
Bad Nenndorf
88%
Bückeburg
87%
Obernkirchen
72%
Auetal
70%
Bad Eilsen
69%
Lauenau
64%
Nienstädt
64%
Haste
63%
Niedernwöhren
63%
Hagenburg
61%
Rodenberg
61%
Lindhorst
60%
Sachsenhagen
58%
Wiedensahl
55%
Helpsen
54%
Pollhagen
51%
Hespe
49%
Meerbeck
49%
Ahnsen
48%
Luhden
48%
Beckedorf
43%
Buchholz
43%
Heeßen
42%
Lauenhagen
42%
Hohnhorst
39%
Lüdersfeld
39%
Apelern
37%
Wölpinghausen
36%
Messenkamp
33%
Nordsehl
33%
Seggebruch
33%
Auhagen
31%
Pohle
31%
Hülsede
28%
Heuerßen
22%
Suthfeld
21%
Keine übereinstimmenden Quizze gefunden
Verteilung der Resultate
Anzahl Personen mit jedem Resultat
Perzentil nach korrekt beantworteten Fragen
Ihre Resultats-Entwicklung
Sie haben dieses Quiz noch nicht gespielt